50 Most Famous Cities in Israel on a Map - Statistics

General Stats
  • This quiz has been taken 319 times
  • The average score is 15 of 51
Answers on the Map
Answers color-coded by a green-red scale on the quiz's map according to % correct below.
 
Answer Stats
Wiki Monthly Views Cityquiz Mention Rate Population Answers % Correct
662.29K 65.94% 966.21K Jerusalem
100%
238.09K 48.42% 467.88K Tel Aviv
97%
83.86K 16.18% 282.83K Haifa
88%
48.23K 5.86% 211.25K Beersheba
66%
113.03K 9.76% 77.92K Nazareth
66%
48.50K 6.89% 52.75K Eilat
60%
24.88K 2.94% 225.97K Ashdod
53%
19.94K 2.49% 224.07K Netanya
49%
37.33K 3.19% 149.16K Ashkelon
48%
72.28K 7.00% 49.61K Acre
44%
21.20K 1.46% 257.13K Rishon LeZion
39%
30.35K 1.19% 252.27K Petah Tikva
34%
18.73K 1.09% 169.71K Ramat Gan
32%
30.93K 1.64% 46.70K Tiberias
32%
11.23K 0.49% 30.55K Sderot
31%
12.52K 0.97% 197.46K Holon
30%
9.85K 0.79% 126.29K Bat Yam
27%
13.09K 0.72% 212.40K Bnei Brak
27%
15.06K 0.63% 103.32K Herzliya
27%
10.55K 0.62% 35.89K Dimona
26%
8.70K 0.62% 22.34K Kiryat Shmona
26%
23.68K 1.52% 82.63K Lod
24%
10.47K 0.31% 97.10K Modi'in-Maccabim-Re'ut
24%
25.33K 0.77% 37.47K Safed
24%
10.69K 0.44% 5.78K Caesarea
23%
9.66K 0.73% 60.81K Nahariya
23%
18.61K 0.69% 77.80K Ramla
23%
8.37K 0.92% 27.58K Arad
22%
12.56K 0.75% 147.88K Rehovot
22%
7.88K 0.44% 59.08K Afula
21%
8.68K 0.60% 100.63K Hadera
21%
9.96K 0.44% 78.56K Ra'anana
21%
10.35K 0.52% 141.76K Beit Shemesh
20%
10.30K 0.49% 101.80K Kfar Saba
20%
10.87K - 19.65K Ariel
19%
7.45K 0.46% 5.18K Mitzpe Ramon
19%
15.90K 0.33% 18.90K Beit She'an
18%
6.75K 0.32% 46.31K Karmiel
18%
6.68K 0.35% 76.24K Rahat
16%
6.74K 0.27% 47.97K Ramat HaSharon
16%
6.77K 0.01% 1.05K Be'eri
15%
9.68K 0.30% 65.36K Hod HaSharon
15%
7.46K 0.06% 23.86K Zikhron Ya'akov
15%
7.70K 0.26% 53.59K Yavne
14%
8.88K 0.09% 11.40K Majdal Shams
13%
8.36K 0.16% 42.66K Nof HaGalil
11%
8.86K 0.20% 71.65K Rosh HaAyin
11%
7.77K 0.21% 57.68K Umm al-Fahm
11%
8.92K - 37.55K Ma'ale Adumim
9%
13.75K 0.06% 1.99K Magdala
9%
8.97K 0.00% 1.01K Sepphoris
3%
No matching quizzes found
Score Distribution
Percent of People with Each Score
Percentile by Number Answered
Your Score History
You have not taken this quiz